01998nam a2200337 i 4500001001000000003000900010005001700019007000300036008004100039040003000080082002500110100003700135245011800172264005400290300004000344336002700384337003300411338002800444590002800472650005900500650003900559700006200598910000700660942001400667952019500681952020100876952012501077952018801202952025301390999001701643000026836DO-SdBNP20230523090703.0ta110325s1983 dr ac 000 0 spa d aDO-SdBNPbspacBNPHUerda 4a781.77293bA334m2221 aAlberti, Luis,d1906-197695395410aMerengues /cLuis Alberti ; Selección, estudio preliminar y edición de Manuel Marino Miniño Marion-Landais. aSanto Domingo :bEditora de Santo Domingo,c1983. a291 páginas :bretratos ;c24 cm. 2rdacontentatextobtxt 2rdamediaasin mediaciónbn 2rdacarrieravolumenbnc aInventariado, 2023 / DG 4aCanciones folklóricaszRepública Dominicana983104 4aMúsica bailable dominicana911031 aMiniño Marion-Landais, Manuel Marino,dedición953955 aDG 2ddccLBS1 00102ddc51708PDaBNPHUbBNPHUcCTd2011-03-25eDonaciónoBNPHU PD A334mp26836-10r2020-06-25w2020-06-25yLBS1zPerteneció a la biblioteca personal de Dr. F. E. Efraín Reyes Duluc 00102ddc51708PDaBNPHUbBNPHUcCTd2019-07-09eDonaciónoBNPHU PD A334mp26836-20r2020-06-25te. 2w2020-06-25yLBS1zPerteneció a la biblioteca personal de Dr. F. E. Efraín Reyes Duluc 00102ddc56708DSaBNPHUbBNPHUcCTd2023-02-13oBNPHU DS 781.77293 A334mp26836-30r2023-02-13te.3w2023-02-13yLBS1 00102ddc56708DSaBNPHUbBNPHUcCTd2023-05-22eDonaciónl0oBNPHU DS 781.77293 A334mp26836-40r2023-05-22te.4w2023-05-22yLBS1zDonado por la familia de Lebrón Saviñón. 00102ddc56708DSaBNPHUbBNPHUcCTd2025-01-22eDonado por la Presidencia de la República Dominicana 2023l0oBNPHU DS 781.77293 A334mp2025-0220r2025-01-22te.5w2025-01-22yLBS1zPertenecio a la biblioteca personal de Emilio Cordero Michel c26328d26328